Loading...
| Fine Arts - Classical Music | 8 | 13.75 | 88% | 25% | 25% |
| Fine Arts - Other Fine Arts | 2 | 10.00 | 50% | 0% | 50% |
| Fine Arts - Visual Fine Arts | 7 | 11.43 | 57% | 43% | 14% |
| History - American History | 5 | 16.00 | 60% | 80% | 20% |
| History - European History | 6 | 13.33 | 83% | 17% | 33% |
| History - Other History | 7 | 21.43 | 100% | 86% | 29% |
| History - World History | 7 | 20.00 | 86% | 71% | 43% |
| Literature - American Literature | 9 | 16.67 | 100% | 44% | 22% |
| Literature - British Literature | 7 | 17.14 | 71% | 71% | 29% |
| Literature - European Literature | 3 | 20.00 | 100% | 67% | 33% |
| Literature - World/Other Literature | 7 | 17.14 | 100% | 43% | 29% |
| Mythology | 7 | 14.29 | 100% | 14% | 29% |
| Other Academic | 1 | 20.00 | 100% | 100% | 0% |
| Philosophy | 5 | 12.00 | 100% | 0% | 20% |
| Pop Culture | 4 | 20.00 | 100% | 75% | 25% |
| Religion | 3 | 13.33 | 33% | 33% | 67% |
| Science - Biology | 6 | 16.67 | 83% | 67% | 17% |
| Science - Chemistry | 6 | 11.67 | 67% | 33% | 17% |
| Science - Other Science | 4 | 20.00 | 100% | 50% | 50% |
| Science - Physics | 5 | 16.00 | 80% | 60% | 20% |
| Social Science | 3 | 13.33 | 67% | 33% | 33% |
| World/Other Literature> | 1 | 10.00 | 100% | 0% | 0% |